[Event "ESP-ch Rapid 2018"]
[Site "Linares"]
[Date "2018.08.19"]
[Round "2"]
[White "Arizmendi Martinez, Julen Luis"]
[Black "Carretero Ortiz, Francisco"]
[Result "1/2-1/2"]
[WhiteElo "2507"]
[BlackElo "2241"]
[Annotator "TA"]
[EventDate "2018.08.19"]
[PlyCount "89"]
[EventType "team-tourn"]
[EventCountry "ESP"]

1. d4 Nc6 2. d5 Ne5 3. e4 e6 4. Nc3 Nf6 5. f4 Ng6 6. dxe6 dxe6 7. Qxd8+
Kxd8 8. Nf3 Bc5 9. e5 Ng4 $146 10. Ne4 Be3 11. g3 $1 Bd7 12. Bd3 Bc6 13.
Ke2 Bb6 14. Rf1 h5 15. Bd2 Ke8 16. c4 Rd8 17. b4 Bd4 18. Rab1 Ne7 19. b5
$18 Bxe4 20. Bxe4 Nf5 21. Bxb7 h4 22. Bb4 $2 f6 $14 23. Be4 $36 hxg3 24.
Bxf5 exf5 25. hxg3 fxe5 26. Rh1 Rxh1 27. Rxh1 $16 exf4 $2 28. Rh8+ $18 Kd7
29. Rxd8+ Kxd8 30. Nxd4 fxg3 31. Nxf5 g2 32. Bc5 Ne5 33. Bxa7 Nxc4 34. Kf2
Na3 $2 35. Nd4 Kd7 36. Bc5 Nxb5 37. Nxb5 Kc6 38. Nc3 $2 Kxc5 $11 39. Kxg2
Kc4 40. a4 Kb4 41. Kf3 c5 42. Ke3 c4 43. Kd4 g5 44. Nd5+ Kxa4 45. Kxc4
1/2-1/2

[Event "ESP-ch Rapid 2018"]
[Site "Linares"]
[Date "2018.08.19"]
[Round "2"]
[White "Ladron De Guevara Pinto, Paolo"]
[Black "Riquelme Valero, Manuel Damian"]
[Result "1-0"]
[WhiteElo "2424"]
[BlackElo "2150"]
[Annotator "TA"]
[EventDate "2018.08.19"]
[PlyCount "51"]
[EventType "team-tourn"]
[EventCountry "ESP"]

1. e4 c6 2. d4 d5 3. e5 Na6 4. c4 Nc7 5. Nc3 Be6 6. cxd5 $146 Bxd5 7. Nf3
Bxf3 $11 8. Qxf3 e6 9. Be3 Ne7 10. Bd3 Ng6 11. O-O-O Bb4 12. Ne4 $36 Nd5
13. Bg5 Qb6 $1 14. Bc2 h6 15. Be3 Rf8 16. a3 Be7 17. g3 O-O-O 18. h4 Kb8
19. h5 Nh8 20. Rd3 f6 21. exf6 Bxf6 22. Qg4 Nxe3 23. fxe3 e5 24. Rb3 $18
Qa5 25. Nc5 b6 26. Nd7+ 1-0

[Event "ESP-ch Rapid 2018"]
[Site "Linares"]
[Date "2018.08.19"]
[Round "2"]
[White "Tejedor Fuente, Enrique"]
[Black "Perera Borrego, Maria Adela"]
[Result "1-0"]
[WhiteElo "2408"]
[BlackElo "2177"]
[Annotator "TA"]
[EventDate "2018.08.19"]
[PlyCount "67"]
[EventType "team-tourn"]
[EventCountry "ESP"]

1. e4 e6 2. d4 d5 3. Nd2 c5 4. Ngf3 cxd4 5. exd5 Qxd5 6. Bc4 Qd6 7. O-O Nf6
8. Nb3 Nc6 9. Nbxd4 Nxd4 10. Nxd4 Be7 11. Nb5 Qc5 12. Qe2 O-O $146 13. Be3
Qf5 $2 14. Nc7 $18 Bd7 15. Nxa8 Rxa8 16. Qd3 Qh5 17. Qd1 Qh4 18. Qd4 Qh5
$16 19. Qd1 Qh4 $1 20. Be2 e5 21. Bf3 Qb4 22. a3 $18 Qb5 23. a4 Qa6 24. Qd3
Qe6 25. Qb3 Qf5 $2 26. Qxb7 Rc8 27. Rad1 Rxc2 28. Be4 $1 Qxe4 29. Rxd7 Qxb7
30. Rxb7 Kf8 31. Rc1 Rxc1+ 32. Bxc1 Bc5 33. b4 Bd4 34. Be3 1-0

[Event "ESP-ch Rapid 2018"]
[Site "Linares"]
[Date "2018.08.19"]
[Round "2"]
[White "Pallardo Lozoya, Jose Vicente"]
[Black "Centron Antuna, Daniel"]
[Result "1-0"]
[WhiteElo "2382"]
[BlackElo "2231"]
[Annotator "TA"]
[EventDate "2018.08.19"]
[PlyCount "65"]
[EventType "team-tourn"]
[EventCountry "ESP"]

1. e4 c5 2. Nc3 g6 3. g3 Bg7 4. Bg2 e6 5. d3 Nc6 6. Be3 d6 7. f4 Nge7 8.
Nf3 O-O 9. O-O Nd4 10. e5 Nef5 11. Bf2 Nxf3+ 12. Bxf3 dxe5 13. fxe5 Bxe5
14. Bxc5 Bd4+ 15. Bxd4 Qxd4+ 16. Rf2 $1 h5 $146 17. Ne4 Qxb2 18. c3 Qb6 19.
Bxh5 gxh5 20. Rb1 Qc7 21. Nf6+ Kg7 $11 22. Nxh5+ Kh6 23. g4 Rg8 $2 24. Qd2+
$2 Kg6 $16 25. Rbf1 Qe7 26. Rg2 Bd7 $2 27. gxf5+ $18 Kxh5 28. Qe2+ Kh6 29.
Qe3+ $2 Kh5 $11 30. Qf3+ $40 Kh4 31. Qf2+ Kh5 32. Qe2+ Kh4 $2 33. Rf4+ 1-0

[Event "ESP-ch Rapid 2018"]
[Site "Linares"]
[Date "2018.08.19"]
[Round "2"]
[White "Matnadze, Ana"]
[Black "Blazquez Gomez, Miguel"]
[Result "1-0"]
[WhiteElo "2378"]
[BlackElo "1998"]
[Annotator "TA"]
[EventDate "2018.08.19"]
[PlyCount "98"]
[EventType "team-tourn"]
[EventCountry "ESP"]

1. d4 b5 2. Nf3 Nf6 3. g3 Bb7 4. Bg2 e6 5. O-O c5 6. a4 b4 7. c4 cxd4 8. b3
a5 $146 9. Bb2 Be7 10. Bxd4 O-O 11. Nbd2 d6 12. Qc2 Nbd7 13. Rad1 Qc7 14.
Qb1 Rac8 15. e4 Rfd8 16. Rfe1 e5 17. Be3 Nc5 18. Nh4 g6 $1 19. Bg5 Rb8 20.
f3 Ne6 21. Be3 Nh5 22. Bh3 Bc8 23. Ng2 $11 Ng5 24. Bxc8 $14 Qxc8 25. Qd3
Nh3+ 26. Kf1 Qe6 27. Ke2 f5 28. Qd5 Qxd5 29. cxd5 Rdc8 30. Nc4 fxe4 $11 31.
fxe4 Ng5 32. Bxg5 Bxg5 $16 33. Rf1 Be7 $2 34. Kd3 $2 Nf6 $14 35. Nge3 Nd7
36. Ke2 Nc5 37. Nd2 Bg5 38. h4 Bh6 39. Rf6 Rd8 40. Nec4 Bxd2 41. Nxd2 Rb7
42. Ke3 Rf7 43. Rxf7 Kxf7 $11 44. Rb1 Ke7 45. Nc4 Ra8 46. Nd2 Rf8 47. Rc1
Kd7 48. Nc4 Ra8 $2 49. Nb6+ $18 Kd8 1-0

[Event "ESP-ch Rapid 2018"]
[Site "Linares"]
[Date "2018.08.19"]
[Round "2"]
[White "Garcia Cuenca, Victor"]
[Black "Bento Iglesias, Pablo"]
[Result "1-0"]
[WhiteElo "2351"]
[BlackElo "2007"]
[Annotator "TA"]
[EventDate "2018.08.19"]
[PlyCount "89"]
[EventType "team-tourn"]
[EventCountry "ESP"]

1. d4 e6 2. c4 b6 3. Nc3 Bb7 4. a3 f5 5. Nf3 Nf6 6. e3 Be7 7. Bd3 O-O 8.
Qc2 d6 $146 9. e4 fxe4 10. Nxe4 Nxe4 11. Bxe4 Bxe4 12. Qxe4 Nd7 13. Qxe6+
Kh8 14. O-O Bf6 15. b4 Re8 16. Qd5 Nf8 17. Bg5 Ne6 18. Be3 Qd7 19. Rad1 c6
20. Qf5 d5 21. Ne5 $1 Bxe5 22. dxe5 Rad8 23. cxd5 cxd5 24. Rd3 d4 25. Bc1
Qb5 26. Rfd1 a5 27. bxa5 bxa5 28. Rh3 $40 Nf8 29. f4 Rc8 30. Qd3 Qb6 31.
Bd2 $18 Rb8 32. Be1 h6 33. Bf2 Red8 $2 34. Bxd4 Qc6 35. f5 Rb2 36. Bxb2
Rxd3 37. Rhxd3 Qc5+ 38. Bd4 Qc2 39. e6 Qe2 40. h3 Nxe6 41. fxe6 Qxe6 42.
Rg3 Qe2 43. Bxg7+ Kh7 44. Rd8 Qe1+ 45. Kh2 1-0

[Event "ESP-ch Rapid 2018"]
[Site "Linares"]
[Date "2018.08.19"]
[Round "2"]
[White "Estremera Panos, Sergio"]
[Black "De La Fuente Gonzalez, Francisco"]
[Result "1-0"]
[WhiteElo "2337"]
[BlackElo "2174"]
[Annotator "TA"]
[EventDate "2018.08.19"]
[PlyCount "47"]
[EventType "team-tourn"]
[EventCountry "ESP"]

1. d4 d5 2. c4 c6 3. Nf3 Nf6 4. e3 a6 5. Nc3 b5 6. b3 Bg4 7. Be2 e6 8. O-O
Bd6 9. Bb2 Nbd7 10. h3 Bh5 11. Ne5 Bxe2 12. Nxe2 Qc7 13. cxd5 cxd5 14. Rc1
Qb7 15. Qc2 O-O 16. Qc6 Qxc6 17. Rxc6 Bxe5 $146 18. dxe5 $16 Rfc8 19. Rfc1
$1 Rxc6 20. Rxc6 Ne4 21. f3 $36 Nec5 22. Bd4 Nd3 23. f4 Kf8 $2 24. Rc3 $1
1-0

[Event "ESP-ch Rapid 2018"]
[Site "Linares"]
[Date "2018.08.19"]
[Round "2"]
[White "Gavilan Diaz, Mario"]
[Black "Gomez Sanjuan, Hector Fernando"]
[Result "1/2-1/2"]
[WhiteElo "2334"]
[BlackElo "2146"]
[Annotator "TA"]
[EventDate "2018.08.19"]
[PlyCount "133"]
[EventType "team-tourn"]
[EventCountry "ESP"]

1. d4 Nf6 2. c4 c5 3. d5 b5 4. Qc2 bxc4 5. e4 d6 6. Bxc4 g6 7. Nf3 Bg7 8.
O-O O-O 9. Nc3 Nbd7 10. h3 Nb6 11. Be2 Bb7 12. Bf4 Nfd7 13. Rfd1 Qc7 $146
14. a4 Nf6 15. a5 Nbd7 16. Nd2 $36 Rab8 17. Nb5 $1 $18 Qd8 18. Nxa7 Ra8 19.
Nc6 Bxc6 20. dxc6 Nb8 21. e5 Nd5 22. Bg3 Nxc6 $14 23. exd6 Nd4 24. Qc4 exd6
$2 25. Ne4 $2 Rxa5 $11 26. Rxa5 Qxa5 27. Nxd6 Nb6 28. Qd3 Qb4 29. Bf1 Na4
30. Nc4 Nxb2 31. Nxb2 Qxb2 32. Bd6 $1 Rc8 33. Qa6 Re8 34. Bxc5 Ne6 35. Be3
Qe5 36. Qb5 Qxb5 37. Bxb5 Rb8 38. Bc4 Re8 39. g3 Bf6 40. h4 Kg7 41. Rd7 Re7
42. Rd6 h5 43. Kg2 Bb2 44. Kf3 Be5 45. Ra6 Nd4+ 46. Kg2 Nf5 47. Bg5 Rc7 48.
Bd3 Nd4 49. Ra5 Bf6 50. Bf4 Re7 51. Rd5 Ne6 52. Be3 Rc7 53. Rd6 Nc5 54. Be2
Ne6 55. Bf3 Be5 56. Rd5 Bf6 57. Rb5 Rd7 58. Ra5 Rc7 59. Ra6 Rd7 60. Be4 Bd4
61. Bc1 $2 Bf6 $2 62. Be3 Nd4 63. Ra4 Ne6 64. Ra6 Nd4 65. Rb6 Ne6 66. Ra6
Bd4 67. Bxd4+ 1/2-1/2

[Event "ESP-ch Rapid 2018"]
[Site "Linares"]
[Date "2018.08.19"]
[Round "2"]
[White "Domingo Nunez, Ruben"]
[Black "Costa Tejedor, Juan Carlos"]
[Result "1-0"]
[WhiteElo "2318"]
[BlackElo "1817"]
[Annotator "TA"]
[EventDate "2018.08.19"]
[PlyCount "50"]
[EventType "team-tourn"]
[EventCountry "ESP"]

1. e4 c5 2. Nf3 e6 3. g3 Nc6 4. Bg2 g6 5. d4 cxd4 6. Nxd4 Bg7 7. Nb5 Qa5+
8. N1c3 Bxc3+ 9. Nxc3 Nf6 $146 10. Bh6 $18 Rg8 11. Qf3 Ke7 12. h4 Qh5 13.
Qxh5 Nxh5 14. O-O-O a6 15. Be3 f6 16. Bc5+ Kf7 17. Na4 b5 18. Nb6 Rb8 19.
Nxc8 Rgxc8 20. Rxd7+ Kg8 21. Bd6 Ra8 $2 22. e5 Nxe5 $2 23. Bxe5 fxe5 24.
Bxa8 Rxa8 25. Rhd1 Ng7 1-0

[Event "ESP-ch Rapid 2018"]
[Site "Linares"]
[Date "2018.08.19"]
[Round "2"]
[White "Calzetta Ruiz, Monica"]
[Black "Vazquez Pino, Miguel A"]
[Result "1-0"]
[WhiteElo "2302"]
[BlackElo "1909"]
[Annotator "TA"]
[EventDate "2018.08.19"]
[PlyCount "37"]
[EventType "team-tourn"]
[EventCountry "ESP"]

1. e4 e6 2. d4 d5 3. Nd2 Nc6 4. Ngf3 Nf6 5. e5 Nd7 6. Bb5 a6 7. Bxc6 bxc6
8. O-O c5 9. c3 cxd4 10. cxd4 c5 11. Nb3 cxd4 12. Nbxd4 Bb7 $146 13. Bg5 $1
$16 Qb8 14. Qa4 $18 Bc5 15. Rac1 Bxd4 16. Nxd4 Qxe5 17. Rfe1 $2 Qd6 $2 18.
Nf5 Qf8 19. Rc7 1-0

[Event "ESP-ch Rapid 2018"]
[Site "Linares"]
[Date "2018.08.19"]
[Round "2"]
[White "Buendia Pinar, Alvaro"]
[Black "Suarez Uriel, Adrian"]
[Result "0-1"]
[WhiteElo "2278"]
[BlackElo "2391"]
[Annotator "TA"]
[EventDate "2018.08.19"]
[PlyCount "56"]
[EventType "team-tourn"]
[EventCountry "ESP"]

1. e4 d6 2. Nf3 Nf6 3. c3 c6 4. Bd3 e5 5. Bc2 Be7 6. h3 O-O 7. O-O Re8 $146
8. d4 Qc7 9. Re1 Nbd7 10. Nbd2 Bf8 11. Nf1 a5 12. Ng3 g6 13. a4 Nb6 14. b3
Bd7 15. Bb2 Rad8 16. Qd2 Bc8 $1 17. c4 Nbd7 18. Rad1 b6 19. Qc1 Bg7 20. Qa1
exd4 21. Bxd4 Re7 22. e5 dxe5 23. Nxe5 $2 Nxe5 $19 24. Bxe5 Rxd1 25. Bxd1
Nd7 26. Bxg7 Rxe1+ 27. Kh2 Qd6 28. Bh6 f6 0-1

[Event "ESP-ch Rapid 2018"]
[Site "Linares"]
[Date "2018.08.19"]
[Round "2"]
[White "Tudela Corbalan, Carlos"]
[Black "Galiana Fernandez, Adrian"]
[Result "0-1"]
[WhiteElo "2246"]
[BlackElo "2291"]
[Annotator "TA"]
[EventDate "2018.08.19"]
[PlyCount "66"]
[EventType "team-tourn"]
[EventCountry "ESP"]

1. c4 g6 2. Nc3 c5 3. g3 Bg7 4. Bg2 e6 5. e3 Ne7 6. Nge2 O-O 7. O-O Nbc6 8.
b3 a6 $146 9. Bb2 b5 10. d4 cxd4 11. exd4 bxc4 12. bxc4 Rb8 13. Ba3 Re8 14.
d5 Ne5 15. Bd6 $36 Rb2 16. Na4 Nxc4 17. Bxe7 $1 $16 Qxe7 18. Nxb2 Nxb2 19.
Qc2 exd5 20. Nf4 d6 21. Nxd5 Qd8 22. Rae1 $18 Be6 23. Qc7 Nd3 $16 24. Qxd8
Rxd8 25. Re3 Nc5 26. Rb1 a5 27. h3 a4 28. Re2 Kf8 29. Rb6 a3 30. Rb5 Bb2
$14 31. Nb4 $2 Bc4 $19 32. Rxc5 dxc5 33. Re4 cxb4 0-1

[Event "ESP-ch Rapid 2018"]
[Site "Linares"]
[Date "2018.08.19"]
[Round "2"]
[White "Orantes Taboada, Francisco"]
[Black "Martinez Reyes, Pedro Ramon"]
[Result "1-0"]
[WhiteElo "2242"]
[BlackElo "2412"]
[Annotator "TA"]
[EventDate "2018.08.19"]
[PlyCount "55"]
[EventType "team-tourn"]
[EventCountry "ESP"]

1. d4 Nf6 2. Nf3 g6 3. g3 Bg7 4. Bg2 O-O 5. O-O d5 6. c4 c6 7. Nc3 Ne4 8.
Bf4 Be6 9. Qc2 $146 Nxc3 10. bxc3 dxc4 11. Rab1 Qc8 12. Rfd1 Nd7 13. Ng5 $1
$16 Nb6 14. Nxe6 Qxe6 15. e4 Qc8 16. a4 Nd7 17. Qe2 e5 18. Be3 exd4 19.
cxd4 $18 c5 20. dxc5 c3 $2 21. Bh3 f5 22. exf5 Nxc5 $2 23. Qc4+ $2 Ne6 24.
Qxc8 Raxc8 $2 25. fxe6 c2 26. e7 Rfe8 27. Bxc8 Rxe7 28. Rd8+ 1-0

[Event "ESP-ch Rapid 2018"]
[Site "Linares"]
[Date "2018.08.19"]
[Round "2"]
[White "Blazquez Gomez, Juan Carlos"]
[Black "Arjol Lopez, Daniel"]
[Result "0-1"]
[WhiteElo "2240"]
[BlackElo "2137"]
[Annotator "TA"]
[EventDate "2018.08.19"]
[PlyCount "76"]
[EventType "team-tourn"]
[EventCountry "ESP"]

1. e4 c5 2. a3 g6 3. b4 Bg7 4. Nc3 cxb4 5. axb4 d6 6. g3 Nf6 7. Bg2 O-O 8.
Nge2 e6 9. O-O $146 d5 10. exd5 Nxd5 11. Rb1 a6 12. Rb3 Nc6 13. Nxd5 exd5
14. Bb2 Bxb2 15. Rxb2 Bg4 16. h3 Qf6 17. c3 Be6 18. b5 $36 Ne5 19. Nf4 Nc4
$14 20. Rb1 Na3 21. Rb4 Nxb5 22. Bxd5 Bxd5 23. Nxd5 Qe5 24. Qf3 f5 25. Nf4
Nd6 26. Nd3 Qa5 27. h4 Ne4 28. Qf4 Rad8 29. Ne5 Nxd2 30. Rxb7 $2 Qxe5 $1
$19 31. Qh6 Nf3+ 32. Kg2 Ng5 $1 33. Kg1 Nf7 34. Qc1 Qe4 35. Qb2 Ne5 36.
Qa2+ Qd5 37. Qxa6 Nf3+ 38. Kg2 Ne1+ 0-1

[Event "ESP-ch Rapid 2018"]
[Site "Linares"]
[Date "2018.08.19"]
[Round "2"]
[White "Garcia Romero, Benjamin Abel"]
[Black "Gomez Gandolfo, Ruben"]
[Result "0-1"]
[WhiteElo "2230"]
[BlackElo "1855"]
[Annotator "TA"]
[EventDate "2018.08.19"]
[PlyCount "63"]
[EventType "team-tourn"]
[EventCountry "ESP"]

1. e4 c5 2. Nf3 Nc6 3. Nc3 d6 4. d4 cxd4 5. Nxd4 Nf6 6. Bc4 e6 7. Be3 a6 8.
Qe2 Be7 9. O-O-O Bd7 10. Rhg1 $2 b5 11. Bb3 b4 12. Na4 Nxe4 13. Nb6 $146
Rb8 $2 14. Nxd7 $18 Qxd7 15. Ba4 Rc8 16. Qf3 $2 d5 $14 17. Kb1 O-O 18. Nxc6
$16 Rxc6 $2 19. Qxe4 $1 $18 Qc7 20. Qd3 Rc4 21. Bb3 Rc6 22. f4 Kh8 23. g4
a5 24. Rgf1 Rd8 25. Ba4 Rc4 26. Bd4 f6 27. b3 e5 28. fxe5 fxe5 29. Bxe5
Qxe5 30. Qxc4 Bf6 31. Rxf6 $1 gxf6 32. Qd4 0-1

[Event "ESP-ch Rapid 2018"]
[Site "Linares"]
[Date "2018.08.19"]
[Round "2"]
[White "Beltran De Heredia E, Miguel"]
[Black "Santos Latasa, Jaime"]
[Result "0-1"]
[WhiteElo "2229"]
[BlackElo "2582"]
[Annotator "TA"]
[EventDate "2018.08.19"]
[PlyCount "80"]
[EventType "team-tourn"]
[EventCountry "ESP"]

1. e4 c6 2. Nc3 d5 3. Nf3 dxe4 4. Nxe4 Nf6 5. Qe2 Nxe4 6. Qxe4 Qd5 7. Qh4
Qe6+ 8. Be2 Qg4 9. Qg3 Qxg3 10. hxg3 Bf5 11. d3 $146 Nd7 12. Nh4 Be6 $1 13.
Be3 g6 14. Bd4 Nf6 15. O-O-O Bg7 16. g4 Rd8 17. Bc3 O-O 18. g5 Nd5 19. Bxg7
Kxg7 20. g3 a5 21. Kb1 a4 22. a3 b5 23. c3 c5 24. d4 c4 25. Bf3 Bc8 26.
Rhe1 e6 27. Bg2 Bb7 28. f4 h6 29. gxh6+ Kxh6 30. Nf3 Kg7 31. Ng5 $2 Nxc3+
$1 $19 32. bxc3 Bxg2 33. Rd2 Bd5 34. Rh2 Rh8 35. Ree2 $2 Rxh2 36. Rxh2 f6
$1 37. Rh7+ Kg8 38. Rh8+ Kxh8 39. Nf7+ Kg7 40. Nxd8 Kf8 0-1

[Event "ESP-ch Rapid 2018"]
[Site "Linares"]
[Date "2018.08.19"]
[Round "2"]
[White "Sanchez Jimenez, Juan Carlos"]
[Black "Moreno Trujillo, Alejandro"]
[Result "0-1"]
[WhiteElo "2228"]
[BlackElo "2497"]
[Annotator "TA"]
[EventDate "2018.08.19"]
[PlyCount "72"]
[EventType "team-tourn"]
[EventCountry "ESP"]

1. d4 Nf6 2. c4 e6 3. Nf3 d5 4. Nc3 c6 5. cxd5 exd5 6. Bg5 Be7 7. e3 Bf5 8.
Bxf6 Bxf6 9. Bd3 Bxd3 10. Qxd3 O-O 11. O-O a5 12. a3 Nd7 $146 13. Qc2 Re8
14. h3 Be7 15. Na4 Qc7 16. Rfc1 g6 17. Rab1 Nb6 18. Nc5 Nc4 19. a4 Bf8 20.
Ra1 Nd6 21. Nd2 Qe7 22. Qc3 Rec8 23. b4 b6 24. Nd3 Ne4 25. Nxe4 dxe4 26.
Ne5 $2 axb4 $19 27. Qc2 Qe6 28. Qxe4 b3 29. Rxc6 Rxc6 30. Qxc6 Qxc6 31.
Nxc6 Rxa4 $2 $15 32. Rb1 $11 Rc4 33. Ne5 Rc3 34. Kf1 $2 Ba3 $1 $19 35. Ke2
b2 36. Nd3 $2 Rc4 $4 0-1

[Event "ESP-ch Rapid 2018"]
[Site "Linares"]
[Date "2018.08.19"]
[Round "2"]
[White "Alvarez Serrano, Carlos"]
[Black "Espinosa Aranda, Angel"]
[Result "1/2-1/2"]
[WhiteElo "2225"]
[BlackElo "2451"]
[Annotator "TA"]
[EventDate "2018.08.19"]
[PlyCount "69"]
[EventType "team-tourn"]
[EventCountry "ESP"]

1. d4 d5 2. Nf3 Nf6 3. c4 dxc4 4. e3 Bg4 5. Bxc4 e6 6. h3 Bh5 7. Nc3 Nc6 8.
g4 Bg6 9. Bb5 Bb4 10. Ne5 Bxc3+ 11. bxc3 Qd5 12. Bxc6+ $1 bxc6 13. f3 $146
O-O 14. c4 $16 Qa5+ 15. Bd2 Qa6 16. O-O Rab8 17. g5 Nh5 18. Nd7 Qxc4 19.
Nxf8 Rxf8 20. Qb3 Qa6 21. Rac1 Ng3 $11 22. Rfe1 Ne2+ 23. Kf2 Nxc1 24. Rxc1
Kh8 25. Qc4 $36 Qc8 26. Qxc6 e5 27. Qxc7 Qxh3 28. Qxe5 Bh5 29. Qg3 Qe6 30.
Rc2 f6 31. d5 Qxd5 32. gxf6 gxf6 33. Bc3 Bg6 34. Rd2 Qc6 35. Qd6 1/2-1/2

[Event "ESP-ch Rapid 2018"]
[Site "Linares"]
[Date "2018.08.19"]
[Round "2"]
[White "Vinuela Diaz, Saul"]
[Black "Salgado Lopez, Ivan"]
[Result "0-1"]
[WhiteElo "2216"]
[BlackElo "2643"]
[Annotator "TA"]
[EventDate "2018.08.19"]
[PlyCount "48"]
[EventType "team-tourn"]
[EventCountry "ESP"]

1. Nf3 c5 2. c4 Nf6 3. g3 b6 4. Bg2 Bb7 5. O-O g6 6. b3 Bg7 7. Bb2 O-O 8.
Qc1 d6 9. d4 cxd4 10. Bxd4 Nbd7 11. Nbd2 $146 a6 12. a4 a5 13. Qb2 e5 14.
Bc3 $1 Qc7 15. Rad1 Rfe8 16. Rc1 Rad8 17. Nh4 Bxg2 18. Nxg2 Nc5 19. Ne3 Bh6
$1 20. Nd5 Nxd5 21. cxd5 Qb7 22. Rcd1 Qxd5 $19 23. Nc4 Qc6 24. f3 Nxa4 $1
0-1

[Event "ESP-ch Rapid 2018"]
[Site "Linares"]
[Date "2018.08.19"]
[Round "2"]
[White "Garcia Garcia, Adrian Antonio"]
[Black "Huerga Leache, Mikel"]
[Result "1/2-1/2"]
[WhiteElo "2179"]
[BlackElo "2451"]
[Annotator "TA"]
[EventDate "2018.08.19"]
[PlyCount "121"]
[EventType "team-tourn"]
[EventCountry "ESP"]

1. e4 e6 2. d4 d5 3. exd5 exd5 4. c4 Nf6 5. Nf3 Bb4+ 6. Bd2 Bxd2+ 7. Nbxd2
O-O 8. Be2 dxc4 9. O-O Nc6 10. Nxc4 Nd5 $146 11. Nce5 Nxe5 12. Nxe5 Nf4 13.
Bf3 c6 14. Qd2 Ne6 15. Rad1 Qg5 16. Nc4 Rd8 17. Qc3 Nf4 18. Kh1 Bg4 19. Ne5
Bxf3 20. Qxf3 f6 21. Nd3 Nxd3 22. Rxd3 Qd5 23. Qg4 Qxa2 $17 24. b3 Re8 25.
Qd7 Qxf2 $1 26. Rdd1 Qc2 27. Qxb7 Rab8 28. Qxa7 Rxb3 29. Rc1 Qe2 30. Qc5
Rb2 31. Qxc6 Qe4 32. Qc4+ Kh8 33. Rg1 Rd2 34. Rcd1 $1 $11 Rxd1 35. Rxd1
Qe1+ $1 36. Qf1 Qxf1+ 37. Rxf1 Kg8 38. Kg1 Re2 39. Rd1 Kf7 40. Kf1 Rc2 41.
d5 Ke7 42. d6+ Kd7 43. h3 Rc6 44. Kf2 Rxd6 45. Ra1 Ke6 46. Ra7 Rd7 47. Ra6+
Kf5 48. Ke3 Rb7 49. Ra5+ Kg6 50. Kf4 Rb3 51. g3 h5 52. Rc5 $2 Kh6 $1 $19
53. Rc6 g5+ 54. Kf5 Rf3+ 55. Ke4 Rxg3 56. Rxf6+ Kg7 57. Ra6 Rxh3 58. Kf5
Rg3 $2 59. Rg6+ $11 Kh7 60. Rxg5 h4 61. Rh5+ 1/2-1/2

[Event "ESP-ch Rapid 2018"]
[Site "Linares"]
[Date "2018.08.19"]
[Round "2"]
[White "Salvador Lopez, Daniel"]
[Black "Llobell Cortell, Enrique"]
[Result "0-1"]
[WhiteElo "2162"]
[BlackElo "2411"]
[Annotator "TA"]
[EventDate "2018.08.19"]
[PlyCount "74"]
[EventType "team-tourn"]
[EventCountry "ESP"]

1. d4 Nf6 2. Bg5 d5 3. Nd2 c5 4. e3 Nc6 5. c3 cxd4 6. exd4 Bf5 7. Ngf3 e6
8. Qb3 $146 Qc8 9. Be2 Be7 10. Nh4 Bg6 11. Nxg6 hxg6 12. h3 a6 13. O-O O-O
14. Bf4 Qd7 15. Bd3 Bd6 16. Bxd6 Qxd6 17. Nf3 b5 18. Rfe1 Nd7 19. Qc2 Rfc8
20. Qd2 b4 21. Ng5 bxc3 22. bxc3 Nf8 23. Qe2 Ne7 24. Qf3 $2 Nf5 $2 25. Nxf7
Kxf7 $19 26. g4 Rxc3 27. gxf5 gxf5 28. Rac1 Rac8 29. Rxc3 Rxc3 30. Rb1 Rc7
31. Qh5+ Kg8 32. Qe8 Qa3 33. Rb8 Rf7 34. Bb1 $2 Rf6 35. Qh5 Qc1+ 36. Kg2
Qf4 37. Bc2 $2 Qxb8 0-1

[Event "ESP-ch Rapid 2018"]
[Site "Linares"]
[Date "2018.08.19"]
[Round "2"]
[White "Fernandez Torre, Ivan"]
[Black "Cruz Lledo, Pablo"]
[Result "0-1"]
[WhiteElo "2128"]
[BlackElo "2432"]
[Annotator "TA"]
[EventDate "2018.08.19"]
[PlyCount "68"]
[EventType "team-tourn"]
[EventCountry "ESP"]

1. d4 d5 2. c4 c6 3. Nc3 Nf6 4. e3 g6 5. Nf3 Bg7 6. h3 O-O 7. Bd3 b6 8. O-O
Bb7 9. Ne5 $146 Nbd7 10. f4 c5 11. cxd5 cxd4 12. exd4 Nxd5 13. Nxd5 Bxd5
14. Bd2 Nf6 15. Bc3 Ne4 16. Qe1 f5 17. Bb4 a5 18. Ba3 Qc7 19. Rc1 Qb7 20.
Bc4 Rfc8 21. b3 $15 b5 22. Bxd5+ Qxd5 23. Bb2 a4 24. Qb4 axb3 25. axb3 $2
Bf8 $1 $19 26. Rxc8 Rxc8 27. Rc1 Rxc1+ 28. Bxc1 e6 29. Qe1 Qxb3 30. Qa5 $2
Qd1+ 31. Kh2 Qxc1 32. Qa7 Qxf4+ 33. Kg1 Qxe5 $1 34. dxe5 Bc5+ 0-1

[Event "ESP-ch Rapid 2018"]
[Site "Linares"]
[Date "2018.08.19"]
[Round "2"]
[White "Cuesta Bustos, Raul"]
[Black "Meler Tevar, Sergio"]
[Result "1-0"]
[WhiteElo "2126"]
[BlackElo "1807"]
[Annotator "TA"]
[EventDate "2018.08.19"]
[PlyCount "89"]
[EventType "team-tourn"]
[EventCountry "ESP"]

1. e4 Nc6 2. d4 d6 3. d5 Nb8 4. Nf3 e5 5. dxe6 Bxe6 6. Be2 $146 Be7 7. O-O
Nf6 8. Nc3 O-O 9. Nd4 Nbd7 10. Nxe6 fxe6 11. Bc4 Nc5 12. f3 c6 $11 13. a4
d5 14. exd5 exd5 15. Bd3 Qc7 16. Ne2 Bd6 17. g3 Rae8 18. Bf4 Re7 19. Bxd6
Qxd6 20. Nd4 Nxd3 21. Qxd3 Rfe8 22. Kh1 Qc5 23. c3 Re3 24. Qd2 Qf8 25. Rae1
Rxe1 26. Rxe1 Rxe1+ 27. Qxe1 Qe8 28. Qe6+ Qxe6 29. Nxe6 b6 30. Kg2 c5 31.
a5 Nd7 32. Nc7 d4 33. cxd4 cxd4 34. Kf2 Nc5 35. axb6 $16 axb6 36. Ke2 Kf7
37. b4 Ne6 38. Nd5 b5 39. Kd3 Ke8 40. f4 $18 g6 $2 41. Nf6+ Ke7 42. Nxh7
Kd6 43. Ng5 Nxg5 $2 44. fxg5 Ke5 45. h4 1-0

[Event "ESP-ch Rapid 2018"]
[Site "Linares"]
[Date "2018.08.19"]
[Round "2"]
[White "Cabrera Ruiz, Luis"]
[Black "Camacho Collados, Marcos"]
[Result "0-1"]
[WhiteElo "2122"]
[BlackElo "2393"]
[Annotator "TA"]
[EventDate "2018.08.19"]
[PlyCount "88"]
[EventType "team-tourn"]
[EventCountry "ESP"]

1. e4 e5 2. Nf3 Nc6 3. Bb5 Nge7 4. d4 exd4 5. Nxd4 Ng6 6. O-O Bc5 7. Nb3
Bb6 8. Nc3 a6 9. Be2 O-O 10. Nd5 $146 Ba7 11. Be3 Bxe3 12. Nxe3 Re8 13. f3
d6 14. Nd4 Nf4 15. Nxc6 bxc6 16. g3 Qg5 17. Kh1 Nxe2 18. Qxe2 d5 19. f4 Qe7
$36 20. e5 d4 21. Ng2 c5 22. Rae1 Bb7 23. Kg1 Rad8 24. Qg4 c4 25. Nh4 $2 d3
$1 $19 26. cxd3 cxd3 27. Nf5 $2 Qf8 28. Rd1 Kh8 29. Rd2 Qc5+ 30. Rff2 Rg8
31. Qd1 $2 Qc6 32. Rg2 Qe6 33. Ne3 Qb6 34. Qe1 Bxg2 35. Kxg2 c5 36. b3 Qc6+
37. Kg1 Qe4 38. Qf2 a5 39. Nc4 $17 a4 $1 40. Qxc5 $2 axb3 $19 41. axb3 Ra8
42. Ne3 $2 Rgc8 43. Qb6 Rab8 44. Qa7 Rb7 0-1